|
|
|
|
| LEADER |
00000cam a2200000 i 4500 |
| 001 |
1/26598 |
| 008 |
130226s2010####gr | | ||| | gre|| |
| 020 |
|
|
|a 9789602186718
|
| 035 |
|
|
|l 10113862
|
| 040 |
|
|
|a GR-MY-UA
|b gre
|e aacr
|
| 041 |
0 |
|
|a gre
|
| 082 |
0 |
|
|a 711.4
|2 (22)
|
| 100 |
1 |
|
|a Κυβέλου-Χιωτίνη, Στέλλα.
|
| 245 |
1 |
0 |
|a Από τη χωροταξία στη χωροδιαχείριση :
|b η έννοια του στρατηγικού χωρικού σχεδιασμού και της εδαφικής συνοχής στην Ευρώπη /
|c Στέλλα Κυβέλου.
|
| 260 |
|
|
|a Αθήνα :
|b Κριτική,
|c 2010.
|
| 300 |
|
|
|a 344 σ. ;
|c 21 εκ.
|
| 500 |
|
|
|a Περιβαλμβάνει βιβλιογραφία.
|
| 650 |
0 |
0 |
|a Regional planning.
|
| 650 |
0 |
0 |
|a Regional planning
|z Europe.
|
| 852 |
|
|
|a INST
|b CHIOS
|c EUDOXUS
|e 20220524
|h 711.4 ΚΥΒ
|p 005200039414
|q 005200039414
|t EDX
|y 0
|
| 852 |
|
|
|a INST
|b LESVOS
|c EUDOXUS
|e 20130226
|h 711.4 ΚΥΒ
|p 005100051800
|q 005100051800
|t EDX
|y 0
|
| 852 |
|
|
|a INST
|b LESVOS
|c EUDOXUS
|e 20130226
|h 711.4 ΚΥΒ
|p 005100051801
|q 005100051801
|t EDX
|y 0
|
| 920 |
|
|
|a Εύδοξος
|b Παραγγελία
|y Χίος-ΤΟΔΙΤ
|z 2022-05
|
| 901 |
|
|
|a BIBL1-2013-1
|
| 909 |
|
|
|a Λ
|b 177985
|
| 909 |
|
|
|a Λ
|b 177984
|
| 920 |
|
|
|a ΕΥΔΟΞΟΣ
|b ΠΑΡΑΓΓΕΛΙΑ
|y ΛΕΣΒΟΣ-ΤΓ
|z 2013-01
|
| 970 |
|
|
|a ΤΖΑΦΕΡΗ
|b ΕΥΑΓΓΕΛΙΑ
|z 2013/02/26
|